Elementary Science Methods (Record no. 25063)

MARC details
000 -LEADER
fixed length control field 00556nam a22001937a 4500
003 - CONTROL NUMBER IDENTIFIER
control field OSt
005 - DATE AND TIME OF LATEST TRANSACTION
control field 20260624110058.0
008 - FIXED-LENGTH DATA ELEMENTS--GENERAL INFORMATION
fixed length control field 260624b |||||||| |||| 00| 0 eng d
020 ## - INTERNATIONAL STANDARD BOOK NUMBER
International Standard Book Number 9781111305437
040 ## - CATALOGING SOURCE
Transcribing agency Chuka University Library
050 ## - LIBRARY OF CONGRESS CALL NUMBER
Classification number LB1585.3
Item number .M37 2012
100 ## - MAIN ENTRY--PERSONAL NAME
Personal name Martin David Jerner
9 (RLIN) 28432
245 ## - TITLE STATEMENT
Title Elementary Science Methods
Remainder of title A Constructivist Approach
260 ## - PUBLICATION, DISTRIBUTION, ETC.
Place of publication, distribution, etc. Australia
Name of publisher, distributor, etc. Wadsworth
Date of publication, distribution, etc. 2012
300 ## - PHYSICAL DESCRIPTION
Extent 477.p
650 ## - SUBJECT ADDED ENTRY--TOPICAL TERM
Topical term or geographic name entry element Science- Study And Learning
9 (RLIN) 30878
650 ## - SUBJECT ADDED ENTRY--TOPICAL TERM
Topical term or geographic name entry element Constructivism
9 (RLIN) 30879
942 ## - ADDED ENTRY ELEMENTS (KOHA)
Source of classification or shelving scheme Library of Congress Classification
Koha item type Long Loan Books
Suppress in OPAC No
Holdings
Withdrawn status Lost status Source of classification or shelving scheme Damaged status Not for loan Collection Home library Current library Shelving location Date acquired Source of acquisition Cost, normal purchase price Total Checkouts Full call number Barcode Date last seen Price effective from Koha item type
    Library of Congress Classification     General Collection Books Main Campus Library Main Campus Library General Stacks 24/06/2026 Donation from books for Africa 12918.06   LB 1585.3 .M37 2012 35966/2026 24/06/2026 24/06/2026 Long Loan Books

Powered by Koha